|
|
|
|
| LEADER |
01305nam a2200289 a 4500 |
| 001 |
16498 |
| 003 |
BD-DhAAL |
| 008 |
100302r20011997nyua b 001 0 eng d |
| 010 |
|
|
|a 90008534
|
| 020 |
|
|
|a 0714831484
|
| 020 |
|
|
|a 0714838543
|
| 040 |
|
|
|a DLC
|c DLC
|d DLC
|d BD-DhAAL
|
| 082 |
0 |
0 |
|a 720.92
|2 20
|
| 100 |
1 |
|
|a McCarter, Robert,
|d 1955-
|9 5350
|
| 245 |
0 |
0 |
|a Frank Lloyd Wright /
|c Robert McCarter.
|
| 260 |
|
|
|a New York, N.Y. ;
|a London :
|b Phaidon Press,
|c c1997 [reprinted 2001].
|
| 300 |
|
|
|a 368 pages :
|b illustrations (some colors), port. ;
|c 30 cm
|
| 504 |
|
|
|a Includes bibliographical references (pages 360-363) and index.
|
| 526 |
|
|
|a ARC
|x Huraera Jabeen
Faculty member of Department of Architecture
|
| 541 |
1 |
|
|e 16498
|a Zeenat Book Supply Limited
|
| 600 |
1 |
0 |
|a Wright, Frank Lloyd,
|d 1867-1959
|x Criticism and interpretation.
|9 27059
|
| 650 |
|
|
|a Architecture.
|
| 700 |
1 |
|
|a McCarter, Robert,
|d 1955-
|9 5350
|
| 852 |
4 |
|
|a Ayesha Abed Library
|c General Stacks
|
| 942 |
|
|
|2 ddc
|c BK
|
| 999 |
|
|
|c 7685
|d 7685
|
| 952 |
|
|
|0 0
|1 0
|2 ddc
|4 0
|6 720_920000000000000_MCC_2001
|7 0
|9 8417
|a BRACUL
|b BRACUL
|c GEN
|d 2010-03-02
|e Zeenat Book Supply Limited
|g 4331.00
|l 22
|m 195
|o 720.92 MCC
|p 3010016498
|r 2025-08-04
|s 2025-07-02
|t 1
|w 2010-03-02
|y BK
|x Requisitioned by Huraera Jabeen, Faculty member of Department of Architecture (ARC).
|